000
00310nam a2200133Ia 4500
008
150201s2008 xx 000 0 und d
082
_a
612.015
_b
M02B
100
_a
BHAGAVAN NV
245
_a
MEDICAL BIOCHEMISTRY
250
_a
4TH
260
_b
ELSEVIER
_a
DELHI
_c
2008
650
_a
BIOCHEMISTRY
942
_2
ddc
_c
BK
999
_c
963
_d
963